Praktická příprava lidských zdrojů
Príklad vypracovania projektu na prípravu top manažmentu zrekonštruovaného závodu. Netradičný a komplexný prístup poradenskej firmy k tomuto problému.
Gespeichert in:
| 1. Verfasser: | |
|---|---|
| Format: | Buchkapitel |
| Sprache: | Tschechisch |
| Schlagworte: | |
| Tags: |
Keine Tags, Fügen Sie das erste Tag hinzu!
|
MARC
| LEADER | 00000naa a2200000 4500 | ||
|---|---|---|---|
| 001 | r016696 | ||
| 005 | 20221205102257.6 | ||
| 041 | 0 | |a cze | |
| 044 | |a CZ | ||
| 245 | 1 | 0 | |a Praktická příprava lidských zdrojů |c J. Šícha |
| 520 | |a Príklad vypracovania projektu na prípravu top manažmentu zrekonštruovaného závodu. Netradičný a komplexný prístup poradenskej firmy k tomuto problému. | ||
| 610 | 2 | 0 | |a zdroje ľudské |
| 610 | 2 | 0 | |a pracovníci vedúci |
| 610 | 2 | 0 | |a manažéri |
| 610 | 2 | 0 | |a služby poradenské |
| 100 | 1 | |a Šícha, J. | |